MARC

LEADER 00000ny a22000003n 4500
005 20110510143622.0
008 070201u20uuuuuuck uu p g 0 0spa
010 |a 2007208112 
022 |a 1794-2918 
035 |a 2524 
040 |a DLC  |c DLC  |d vLex 
050 0 0 |a K10  |b .U65267 
050 0 0 |a K10  |b .U65267 
090 |c 1580  |d 1580 
245 3 0 |a Jurd̕icas  |h [Recurso electrn̤ico] 
246 3 |a Jurd̕icas : revista del Centro de Investigaciones Sociojurd̕icas, C.I.S., Universidad de Caldas 
246 3 |a Revista del Centro de Investigaciones Sociojurd̕icas, C.I.S., Universidad de Caldas 
246 3 |a Revista Jurd̕icas 
256 |a Servicio en ln̕ea 
260 |a Manizales, Colombia :  |b Universidad de Caldas, Centro de Investigaciones Sociojurd̕icas 
506 1 |a Contenido solo disponible en los productos indicados  |d vLex Global  |d vLex Global (Academic Edition, excluding Law Schools)  |d vLex Global (U.S. Academic Edition, Law Schools)  |d vLex Global (U.S. Academic Edition, excluding Law Schools)  |d vLex Global (Academic Edition, Law Schools) 
650 0 4 |a Ciencia polt̕ica  |x Publicaciones perid̤icas 
650 0 4 |a Derecho  |x Publicaciones perid̤icas 
650 0 4 |a Derecho  |z Colombia  |x Publicaciones perid̤icas 
650 0 4 |a Justicia social  |x Publicaciones perid̤icas 
651 4 |a Colombia  |x Polt̕ica y gobierno  |y 1974-   |x Publicaciones perid̤icas 
710 2 |a Universidad de Caldas.  |b Centro de Investigaciones Sociojurd̕icas 
740 0 |a vLex Revista (Servicios en ln̕ea) 
843 |a Electrn̤ica. Abierta 
853 |8 1  |i (year)  |j (month)  |k (day) 
856 4 0 |z Acceso restringido  |u http://vlex.com/account/login_ip?fuente_id=2524 
942 |c REV 
999 0 |a Colombia  |y 1974-  |v Periodicals. 
999 0 |a Law  |v Periodicals. 
999 0 |a Law  |z Colombia  |v Periodicals. 
999 0 |a Political science  |v Periodicals. 
999 0 |a Social justice  |v Periodicals.